000
00301nam a2200121Ia 4500
005
20251222143157.0
008
251222s9999||||xx |||||||||||||| ||spa||
082
_a
658.154/B84
100
_a
Brown Suarez, Oswaldo W.
245
0
_a
Fundamentos del Presupuesto Maestro
264
_b
EDDILI
942
_c
LIB
999
_c
12928
_d
12928